[Event "27th Klatovy B 2019"]
[Site "Klatovy CZE"]
[Date "2019.07.07"]
[Round "9.57"]
[White "Lhotsky, Zdenek 1966"]
[Black "Cervenka, Jakub"]
[Result "1/2-1/2"]
[WhiteElo "1285"]
[BlackElo "1396"]
[PlyCount "74"]
[EventDate "2019.06.29"]
[EventType "swiss"]
[EventRounds "9"]
[EventCountry "CZE"]

1. e4 e5 2. Nf3 Nf6 3. d3 Nc6 4. Bg5 h6 5. Bh4 d5 6. exd5 Qxd5 7. Nc3 Bb4 8. a3 Bxc3+ 9. bxc3 Bg4 10. Be2 e4 11. Nd2 Bxe2 12. Qxe2 g5 13. Bg3 O-O-O 14. c4 Qd4 15. Nb3 Qc3+ 16. Qd2 Qxd2+ 17. Kxd2 exd3 18. cxd3 Rhe8 19. Rhe1 Ne4+ 20. Kc2 Nxg3 21. hxg3 Ne5 22. Re3 Ng4 23. Rxe8 Rxe8 24. f3 Ne3+ 25. Kd2 Kd8 26. Rh1 Nf5 27. g4 Nh4 28. Nd4 c5 29. Nf5 Nxf5 30. gxf5 Rh8 31. g4 Kc7 32. Re1 f6 33. Re6 Rf8 34. Re7+ Kc6 35. Re6+ Kd7 36. Kc3 a6 37. a4 Rf7 1/2-1/2

[Event "27th Klatovy B 2019"]
[Site "Klatovy CZE"]
[Date "2019.07.07"]
[Round "9.58"]
[White "Bukvaj, Martin"]
[Black "Souralova, Venuse"]
[Result "0-1"]
[WhiteElo "1220"]
[BlackElo "1391"]
[PlyCount "68"]
[EventDate "2019.06.29"]
[EventType "swiss"]
[EventRounds "9"]
[EventCountry "CZE"]

1. e4 c5 2. Nf3 d6 3. Nc3 Nf6 4. d4 cxd4 5. Nxd4 e6 6. Be3 Be7 7. Be2 O-O 8. O-O Nbd7 9. Nb3 b6 10. Qd2 Bb7 11. Bf3 Ne5 12. Qe2 Rc8 13. Nd2 Rc7 14. Bd4 Qc8 15. Bxe5 Ba6 16. Nb5 dxe5 17. c4 Bxb5 18. cxb5 Rc2 19. Qe3 Rd8 20. Nb3 Rxb2 21. Rac1 Qb7 22. Rc4 Rc8 23. Rxc8+ Qxc8 24. Rc1 Rc2 25. Rxc2 Qxc2 26. h3 Qxa2 27. Qc3 g6 28. Nd2 Nd7 29. Nf1 Bc5 30. Qd2 Qxd2 31. Nxd2 Bb4 32. Nc4 f6 33. Kf1 Nc5 34. Ke2 Kf8 0-1

[Event "27th Klatovy B 2019"]
[Site "Klatovy CZE"]
[Date "2019.07.07"]
[Round "9.59"]
[White "Stanke, Vilem"]
[Black "Sobr, Vaclav"]
[Result "0-1"]
[WhiteElo "1371"]
[BlackElo "1498"]
[PlyCount "36"]
[EventDate "2019.06.29"]
[EventType "swiss"]
[EventRounds "9"]
[EventCountry "CZE"]

1. e4 d5 2. exd5 Nf6 3. Nf3 e6 4. c4 exd5 5. d4 Bb4+ 6. Nbd2 O-O 7. Qb3 Qe7+ 8. Qe3 Re8 9. Qxe7 Rxe7+ 10. Be2 dxc4 11. a3 Ba5 12. Kf1 c3 13. Nc4 Nc6 14. Nxa5 cxb2 15. Bxb2 Nxa5 16. g3 Bh3+ 17. Ke1 Rae8 18. Ng1 Bg2 0-1

[Event "27th Klatovy B 2019"]
[Site "Klatovy CZE"]
[Date "2019.07.07"]
[Round "9.60"]
[White "Hejda, Ondrej"]
[Black "Denk, Lukas"]
[Result "0-1"]
[WhiteElo "1403"]
[BlackElo "1092"]
[PlyCount "72"]
[EventDate "2019.06.29"]
[EventType "swiss"]
[EventRounds "9"]
[EventCountry "CZE"]

1. e4 e5 2. f4 f6 3. Nf3 Nc6 4. Bc4 Bc5 5. Nc3 Nge7 6. Na4 d6 7. Nxc5 dxc5 8. O-O Na5 9. Be2 Bg4 10. Bb5+ c6 11. Ba4 Bxf3 12. Qxf3 Qd4+ 13. Qf2 Qxa4 14. Qxc5 b6 15. Qe3 Qd4 16. fxe5 Qxe3+ 17. dxe3 fxe5 18. Bd2 O-O-O 19. Bc3 Ng6 20. Rf7 Rd7 21. Raf1 Rxf7 22. Rxf7 Nc4 23. Rxa7 Kb8 24. Rxg7 Nxe3 25. Rf7 Nxc2 26. Rf5 Re8 27. Rf7 Re7 28. Rf2 Ne3 29. Rf6 Kb7 30. Bb4 c5 31. Bd2 Nc4 32. Bc3 Nf4 33. Kf1 b5 34. b3 b4 35. bxc4 bxc3 36. Ke1 Rd7 0-1

[Event "27th Klatovy B 2019"]
[Site "Klatovy CZE"]
[Date "2019.07.07"]
[Round "9.61"]
[White "Berkovec, Jakub"]
[Black "Dobsa, Emma"]
[Result "1-0"]
[WhiteElo "1060"]
[BlackElo "1325"]
[PlyCount "57"]
[EventDate "2019.06.29"]
[EventType "swiss"]
[EventRounds "9"]
[EventCountry "CZE"]

1. e4 e5 2. Nf3 Nc6 3. d4 exd4 4. Nxd4 Bc5 5. Nb3 Bb6 6. Qe2 a5 7. a4 d6 8. Nc3 Nf6 9. Bg5 h6 10. Bh4 Nd4 11. Nxd4 Bxd4 12. Qd3 Be5 13. Be2 O-O 14. O-O c6 15. Rad1 Re8 16. f4 Qb6+ 17. Bf2 Qxb2 18. fxe5 Rxe5 19. Bd4 Rg5 20. Bxf6 gxf6 21. Rxf6 Rc5 22. Qg3+ Kf8 23. Qxd6+ Kg7 24. Rdf1 Rg5 25. Rxf7+ Kh8 26. Qd8+ Rg8 27. Rf8 Bh3 28. Rxg8+ Kh7 29. Rf7# 1-0

[Event "27th Klatovy B 2019"]
[Site "Klatovy CZE"]
[Date "2019.07.07"]
[Round "9.62"]
[White "Day, Sophia Olivia"]
[Black "Bican, Vojtech"]
[Result "1-0"]
[WhiteElo "1021"]
[BlackElo "1078"]
[PlyCount "47"]
[EventDate "2019.06.29"]
[EventType "swiss"]
[EventRounds "9"]
[EventCountry "CZE"]

1. e4 e5 2. Nf3 Nc6 3. Nc3 Nf6 4. d4 exd4 5. Nxd4 Bc5 6. Nxc6 bxc6 7. Bg5 d5 8. e5 Be7 9. exf6 Bxf6 10. Bxf6 Qxf6 11. Bd3 O-O 12. O-O Qg5 13. Qf3 Bg4 14. Qg3 Rac8 15. Be2 h5 16. h3 Qd2 17. hxg4 hxg4 18. Bxg4 Rcd8 19. Bf5 g6 20. Rad1 Qh6 21. Rd4 g5 22. Rg4 f6 23. Be6+ Kg7 24. Qxc7+ 1-0

[Event "27th Klatovy B 2019"]
[Site "Klatovy CZE"]
[Date "2019.07.07"]
[Round "9.63"]
[White "Bukvaj, Jan"]
[Black "Hala, Matej"]
[Result "1-0"]
[WhiteElo "1158"]
[BlackElo "1014"]
[PlyCount "41"]
[EventDate "2019.06.29"]
[EventType "swiss"]
[EventRounds "9"]
[EventCountry "CZE"]

1. e4 e5 2. Nf3 Nc6 3. d4 exd4 4. Bc4 h6 5. Nxd4 Bc5 6. Be3 Nf6 7. Nxc6 dxc6 8. Qxd8+ Kxd8 9. Bxc5 Nxe4 10. Be3 Nd6 11. Bd3 Re8 12. O-O g5 13. Nc3 Be6 14. f4 Bc4 15. Bd2 b5 16. fxg5 b4 17. Na4 Ne4 18. Bxc4 Nxd2 19. Rf4 hxg5 20. Rd4+ Kc8 21. Rxd2 1-0

[Event "27th Klatovy B 2019"]
[Site "Klatovy CZE"]
[Date "2019.07.07"]
[Round "9.64"]
[White "Veverka, Max"]
[Black "Nechvatalova, Eva"]
[Result "0-1"]
[WhiteElo "1000"]
[BlackElo "1134"]
[PlyCount "104"]
[EventDate "2019.06.29"]
[EventType "swiss"]
[EventRounds "9"]
[EventCountry "CZE"]

1. e4 c5 2. Nf3 Nc6 3. Be2 d6 4. O-O Nf6 5. d3 g6 6. c3 Bg7 7. Be3 O-O 8. Nbd2 Bd7 9. Qb3 Qb6 10. Rfd1 Qxb3 11. Nxb3 a5 12. a4 Rab8 13. d4 cxd4 14. Nfxd4 Nxd4 15. Nxd4 Nxe4 16. Bf3 Nf6 17. b4 axb4 18. cxb4 Ra8 19. h3 Rxa4 20. Rxa4 Bxa4 21. Ra1 Bd7 22. Rb1 b5 23. Be2 Rb8 24. Ra1 e5 25. Nf3 Nd5 26. Bg5 Nxb4 27. Rc1 Be6 28. Nd2 Nc6 29. Ne4 d5 30. Nc5 Nd4 31. Bd3 b4 32. Na6 Rb6 33. Rb1 b3 34. Nc5 Bf5 35. Bxf5 gxf5 36. Na4 Rb4 37. Nc3 e4 38. Nxd5 Rb5 39. Nc3 Nf3+ 40. gxf3 Bxc3 41. Bh6 exf3 42. Rd1 Bf6 43. Re1 Rb8 44. Bf4 Rc8 45. Rb1 b2 46. h4 Rc4 47. Bg5 Bxg5 48. hxg5 Rc1+ 49. Rxc1 bxc1=Q+ 50. Kh2 Qxg5 51. Kh3 Qg4+ 52. Kh2 Qg2# 0-1

[Event "27th Klatovy B 2019"]
[Site "Klatovy CZE"]
[Date "2019.07.07"]
[Round "9.65"]
[White "Pasek, Josef"]
[Black "Slechta, Adam"]
[Result "1-0"]
[WhiteElo "1067"]
[BlackElo "1000"]
[PlyCount "69"]
[EventDate "2019.06.29"]
[EventType "swiss"]
[EventRounds "9"]
[EventCountry "CZE"]

1. d4 d5 2. c4 Nf6 3. Nc3 e6 4. e3 Bb4 5. Nf3 Ne4 6. Bd2 Nc6 7. Nxe4 dxe4 8. Bxb4 Nxb4 9. Nd2 O-O 10. Nxe4 Qh4 11. Nc3 Rd8 12. Be2 e5 13. d5 Bf5 14. O-O c6 15. a3 Nc2 16. Rc1 Be4 17. f3 Nxe3 18. Qe1 Qxe1 19. Rfxe1 Bf5 20. Bf1 Nxf1 21. Kxf1 Bd3+ 22. Kg1 Bxc4 23. Rxe5 g6 24. dxc6 bxc6 25. Rc5 Be2 26. Nxe2 Rd2 27. R5c2 Rad8 28. Nc3 Kg7 29. Rxd2 Rxd2 30. Na4 h5 31. Rxc6 Rd1+ 32. Kf2 f5 33. Rc7+ Kh6 34. h4 Rd2+ 35. Kg3 1-0

[Event "27th Klatovy B 2019"]
[Site "Klatovy CZE"]
[Date "2019.07.07"]
[Round "9.66"]
[White "Skrivan, Matej 2008"]
[Black "Krmelova, Tereza"]
[Result "1/2-1/2"]
[WhiteElo "1012"]
[BlackElo "1000"]
[PlyCount "43"]
[EventDate "2019.06.29"]
[EventType "swiss"]
[EventRounds "9"]
[EventCountry "CZE"]

1. e4 e6 2. Nf3 d5 3. exd5 exd5 4. d4 Nf6 5. Bb5+ c6 6. Bd3 Be7 7. c4 O-O 8. cxd5 cxd5 9. Bc2 Re8 10. O-O Nc6 11. a3 Bg4 12. Qd3 Bxf3 13. Qxf3 Nxd4 14. Qd3 Nxc2 15. Qxc2 Rc8 16. Qd3 Bc5 17. Bg5 d4 18. b4 Bb6 19. Nd2 Qd5 20. Nf3 Rc3 21. Qd2 Ne4 22. Qe2 1/2-1/2

[Event "27th Klatovy B 2019"]
[Site "Klatovy CZE"]
[Date "2019.07.07"]
[Round "9.67"]
[White "Souralova, Alena"]
[Black "Nova, Anezka"]
[Result "0-1"]
[WhiteElo "1000"]
[BlackElo "1044"]
[PlyCount "144"]
[EventDate "2019.06.29"]
[EventType "swiss"]
[EventRounds "9"]
[EventCountry "CZE"]

1. e4 e5 2. Nf3 Nc6 3. Bc4 Bc5 4. Nc3 Nf6 5. d3 d6 6. Be3 Bxe3 7. fxe3 Be6 8. Bb3 O-O 9. Qd2 Re8 10. O-O Bxb3 11. axb3 Qd7 12. h3 h6 13. Nd5 Re6 14. Nxf6+ Rxf6 15. d4 Rd8 16. Rad1 exd4 17. exd4 d5 18. exd5 Qxd5 19. c4 Qd7 20. d5 Ne7 21. Ne5 Qe8 22. Rxf6 gxf6 23. Nf3 Qf8 24. Qf4 f5 25. Qg3+ Qg7 26. Qxg7+ Kxg7 27. Ne1 c6 28. Rc1 cxd5 29. cxd5 Nxd5 30. Nc2 Rc8 31. Rd1 Rxc2 32. Rxd5 Rxb2 33. Rxf5 Rxb3 34. Rf4 b5 35. Rg4+ Kh7 36. Rd4 Rb1+ 37. Kf2 b4 38. Rd7 Kg7 39. Ke2 b3 40. Kd2 a5 41. Kc3 a4 42. Ra7 Kg6 43. Rxa4 f5 44. Ra3 h5 45. Rxb3 Rxb3+ 46. Kxb3 Kg5 47. Kc3 Kf4 48. g4 fxg4 49. hxg4 hxg4 50. Kd2 Kf3 51. Ke1 g3 52. Kf1 Kg4 53. Kg1 Kg5 54. Kg2 Kh4 55. Kf1 Kh3 56. Kg1 g2 57. Kf2 Kh2 58. Kf3 g1=R 59. Kf2 Rg3 60. Kf1 Rg2 61. Ke1 Kg3 62. Kf1 Kf3 63. Ke1 Ra2 64. Kd1 Re2 65. Kc1 Ke3 66. Kd1 Kd3 67. Kc1 Rd2 68. Kb1 Rc2 69. Ka1 Kc3 70. Kb1 Kb3 71. Ka1 Re2 72. Kb1 Re1# 0-1